| 000 | 01092nam0a2200301 i 4500 | ||
|---|---|---|---|
| 001 | RU\NLR\BIBL_A\010024587 | ||
| 005 | 20241105034323.0 | ||
| 010 |
_a9785986241166 _91000 |
||
| 021 |
_aRU _b2013-4207и _9444и |
||
| 035 | _a(NILC)RuMoRGB-006720952 | ||
| 035 | _a(NLR Aleph) 010024587 | ||
| 090 |
_a9918733 _c9918733 |
||
| 100 | _a20140123d2013 um y0rusy50 ca | ||
| 101 | 0 |
_arus _aeng |
|
| 102 | _aRU | ||
| 105 | _aaaaazzzz000yy | ||
| 200 | 1 |
_aФилософия большого города _dBig city philosophy _e[фотоальбом _fавт. текстов: Д. Булатова] _zeng |
|
| 210 |
_aКрасноярск _cПлатина _d2013 |
||
| 215 |
_a117 , [2] с. _cцв. ил., портр. _d26 |
||
| 300 | _aТекст парал. на рус. и англ. яз. | ||
| 510 | 1 |
_aBig city philosophy _zeng |
|
| 607 |
_aКрасноярск, город _jФотоальбомы _91398194 _3RU\NLR\AUTH\66275544 |
||
| 686 | 1 | _aУ03(4Р-4Кра-2К)я61 | |
| 686 | 1 | _aТ3(4Р-4Кра-2К)74я61 | |
| 942 | _cBOOK | ||
| 980 | _aNBR | ||